000 00605nam a22001697a 4500
003 OSt
005 20260409122051.0
008 260409b |||||||| |||| 00| 0 eng d
040 _cMRSPTU
041 _aEnglish
100 _aKartik Mehta, Supervisor: Dr. Kawaljit Singh Sandhu
245 _aDevleopment of Protein Bar using Oyster Mushroom and Analysis of their Chemical and Sensory Attributes
260 _bDepartment of Food Science & Technology, MRSPTU, Bathinda
_c2023
650 _aFood Science & Technology
856 _uhttp://163.47.215.52:8080/jspui/handle/123456789/920
942 _2ddc
_cTH
_n0
999 _c11436
_d11436